[Event "MMaS_2014_U16"]
[Site "?"]
[Date "2014.10.28"]
[Round "8.11"]
[White "Jiøíèek, Jakub"]
[Black "Hartingerová, Martina"]
[Result "0-1"]
[WhiteElo "1579"]
[BlackElo "1478"]
[PlyCount "50"]
[EventDate "2014.10.25"]

1. c4 c6 2. d4 d5 3. b3 dxc4 4. bxc4 e5 5. e3 exd4 6. Qxd4 Qxd4 7. exd4 Be6 8.
Nf3 g6 9. Bb2 Bg7 10. Nbd2 Ne7 11. Be2 O-O 12. O-O Nf5 13. Nb3 Nd7 14. Rfd1 Nb6
15. Rac1 Rac8 16. Nc5 Rfe8 17. Kf1 Nd7 18. Nxe6 fxe6 19. Rc2 e5 20. dxe5 Nxe5
21. Nxe5 Bxe5 22. Bxe5 Rxe5 23. Rd7 Rce8 24. Rcd2 R8e7 25. g3 Rxe2 0-1

[Event "MMaS_2014_U16"]
[Site "?"]
[Date "2014.10.28"]
[Round "8.12"]
[White "Matonoha, Petr"]
[Black "Gemsa, Pavel"]
[Result "0-1"]
[WhiteElo "1559"]
[BlackElo "1759"]
[PlyCount "68"]
[EventDate "2014.10.25"]

1. e4 c5 2. Nf3 g6 3. Nc3 Bg7 4. d3 Nc6 5. Be3 b6 6. d4 cxd4 7. Nxd4 Bb7 8. Bc4
Nf6 9. O-O Ne5 10. Bd3 Nfg4 11. Bf4 Nxd3 12. Qxd3 e5 13. Ndb5 exf4 14. Nd6+ Ke7
15. Nxb7 Qb8 16. Nb5 Qxb7 17. Qd6+ Kd8 18. Qxf4 Qc6 19. Nd6 Ne5 20. Nxf7+ Nxf7
21. Qxf7 Bxb2 22. Rab1 Qf6 23. Qd5 Rc8 24. Rfd1 Rc7 25. c4 Ba3 26. e5 Qc6 27.
Qf7 Rf8 28. Qxh7 Bc5 29. Rf1 Qe4 30. Rbd1 Qe2 31. Qh6 Qxc4 32. Qxg6 Qf4 33. e6
Bxf2+ 34. Kh1 Qxh2+ 0-1